| 000 | 00753nam a2200205 a 4500 | ||
|---|---|---|---|
| 001 | 000005837 | ||
| 005 | 20200929151814.0 | ||
| 008 | 090824s1999 dr 000 0 spa d | ||
| 040 |
_aDO-SdBNP _bspa _cBNPHU |
||
| 082 |
_a346.065 _bT273s, 1999 |
||
| 100 | 1 |
_aTellado, Antonio _916486 |
|
| 245 | 1 | 4 |
_aLas sociedades comerciales en la República Dominicana / _cAntonio Tellado. |
| 250 | _a2a ed. | ||
| 260 |
_aSanto Domingo : _bLa Filantrópica, _c1999. |
||
| 300 |
_a455 p. ; _c23 cm. |
||
| 504 | _aIncluye referencias bibliográficas y notas al pie de las páginas | ||
| 650 | 4 |
_aEmpresas _xLegislación _zRepública Dominicana _916487 |
|
| 650 | 4 |
_aCompañías _xLegislación _zRepública Dominicana _910073 |
|
| 910 | _aValidado. Control de calidad MMOLINA | ||
| 999 |
_c5633 _d5633 |
||